000 01386nam a2200361 c 4500
003 BLK
005 20250307113240.0
008 180408b bul|||||r ||||||| ||bul||
010 _aKNG00085324000
020 _a978-954-527-349-0
_bиздат.: Дамян Яков
040 _aBLK
041 _aBUL
_cBUL
080 _aФинландска литература
_b821.511.111
_x-93-31
_z821.511.111-93-31
100 1 _aЯнсон, Туве
_eпърви автор
_9365645
700 1 _aПетрунова, Анелия Георгиева, 1977-
_9110375
700 1 _aЯнсон, Туве
_eил.
_9365645
139 _aЯнсон, Туве
_bЯ 67
245 1 0 _aТатко Мумин и морето
_cТуве Янсон; прев. Анелия Георгиева Петрунова; ил. Туве Янсон.
257 _aFIN
260 София
_bДамян Яков
_c2007
_fСофия : Вулкан
300 _a208 с.
_bс ил.
_c22 см
380 _aDX
500 _aОриг. загл. Pappan och havet / Tove Jansson.
653 _aромани
653 _aлитература за деца
653 _aдетска литература
852 _aЦб 241114
856 4 _qpdf
_u
856 4 _qpdf
_u
942 _cKNG
_n0
_03
944 _aCR
_c02.09.2008
_lБояна Костадинова
_k30551
944 _aED
_c30.05.2012
_lф /
_k
999 _c80832
_d80832